| 000 | 01028 a2200217 4500 | ||
|---|---|---|---|
| 001 | 64000 | ||
| 005 | 20260521160828.0 | ||
| 008 | 260521a1979 arg spa d | ||
| 003 | AR-UNSa-BCEJYS | ||
| 040 |
_aAR-UNSa-BCEJYS _bspa _cAR-UNSa-BCEJYS |
||
| 080 |
_a658.5 _xPlanificación y control de la producción |
||
| 245 | 1 | 0 | _aTécnicas de ingeniería y tecnología en la producción |
| 020 | _a978-84-234-0457-5 | ||
| 264 | 1 |
_aBilbao : _bEdiciones Deusto _c1979 |
|
| 300 |
_axxii, 435 p. _c24 cm. |
||
| 505 | _a1. Ingeniería del valor - 2. Ingeniería de proyectos - 3. Ingeniería de diseño - 4. Ingeniería de sistemas: la dinámica industrial - 5. Ingeniería de costos y productividad - 6. Técnicas de organización de la creatividad industrial - 7. Técnicas de organización de la tecnología industrial - 8. Técnicas de organización informática - 9. Técnicas de investigación operativa - | ||
| 041 | _aspa | ||
| 942 | _cBK | ||
| 590 | _aniveau_biblio:m niveau_hierar:0 | ||
| 100 | 1 | _aCorrons Prieto, Luis | |
| 999 |
_c36478 _d36478 |
||